00691nam a2200169Ia 4500001000600000003000500006008004100011010001100052040000900063100003200072245013100104260004100235300001000276502008100286650013200367650002200499Z_252CHAP220113s1986 xx 000 0 und d a163226 cCHAP aAcevedo González, Ernesto aPrograma para el incremento de la lechería familiar en Chihuahua (Seminario de titulación) /c Ernesto Acevedo González aChihuahua, Chih. :bEl autor,c1986 a69 h. aTesis (Ing. Agrónomo Esp. en Zootecnia) -- UACH. Departamento de Zootecnia aGanado lecheroxChihuahua I. t. La problemática de la producción agrícola y su desarrollo rural en el estado de Chihuahua aGranjas lecheras